| 000 | 00553nam a2200157 i 4500 | ||
|---|---|---|---|
| 001 | 26926 | ||
| 003 | ES-MaACL | ||
| 005 | 20230906153527.0 | ||
| 007 | t| | ||
| 008 | 030113s1961 sp ||||1| spa d | ||
| 100 | 1 |
_aAsenjo Martínez, Sergio-Enrique. _923565 |
|
| 245 | 1 | 0 |
_aOposiciones a Contadores del Estado _b: contestaciones a los temas de Contabilidad del Estado / _cpor Sergio-Enrique Asenjo Martínez. |
| 260 |
_a[Madrid : _bs.n., _c1961] ( _fJurispericia Nuevas Gráficas) |
||
| 300 |
_a128 p. ; _c27 cm. |
||
| 852 |
_aES-MaACL _jC-21518 _bR.49335 |
||
| 999 |
_c26926 _d26926 |
||